[Event "83rd ESP-ch Women-ch 2018"]
[Site "Linares"]
[Date "2018.08.27"]
[Round "8"]
[White "Sobrino Forte, Alvaro"]
[Black "Moral Garcia, Serafin"]
[Result "0-1"]
[WhiteElo "1984"]
[BlackElo "2287"]
[Annotator "TA"]
[EventDate "2018.08.09"]
[PlyCount "120"]
[EventType "tourn"]
[EventCountry "ESP"]

1. e4 e5 2. Nf3 Nc6 3. Bb5 a6 4. Ba4 Nf6 5. O-O b5 6. Bb3 Bc5 7. a4 Rb8 8.
c3 d6 9. d4 Bb6 10. a5 Ba7 11. h3 O-O 12. Be3 exd4 13. cxd4 d5 14. e5 Ne4
15. Nc3 Nxc3 16. bxc3 Bf5 17. Bc2 $146 Bxc2 18. Qxc2 f6 19. Qf5 Qc8 20.
Qxc8 Rbxc8 21. exf6 Rxf6 22. Ne5 Re6 23. Nd3 Ne7 24. Rfe1 Nc6 25. Rec1 Rce8
26. Nb4 Nxb4 $11 27. cxb4 c6 28. Ra3 Kf7 29. Rac3 Rc8 30. Kf1 Ke7 31. Rd1
Kd7 32. Bf4 Rf8 33. Be3 Bb8 34. Ke2 Bd6 35. Rb3 Rg6 36. Kf1 Re8 37. Rc1 Re4
38. Rd1 h5 39. Rd2 Rf6 40. Ke2 g5 41. Rd1 g4 42. hxg4 Rxg4 43. g3 h4 44.
gxh4 Rxh4 45. Rg1 Rf7 46. Rg8 Bf8 47. Rg3 Rh1 48. Rf3 Rxf3 49. Kxf3 Ra1 50.
Ke2 Ra2+ 51. Kd3 Bd6 52. Bd2 Ke6 53. Rb1 Kf5 54. Rc1 $2 Rxd2+ $1 $19 55.
Kxd2 Bf4+ 56. Kc2 Bxc1 57. Kxc1 Ke4 58. Kc2 Kf3 59. Kd2 Kxf2 60. Kd3 Kf3
0-1

[Event "83rd ESP-ch Women-ch 2018"]
[Site "Linares"]
[Date "2018.08.27"]
[Round "8"]
[White "Ramos Saavedra, Mario"]
[Black "Tudela Corbalan, Carlos"]
[Result "0-1"]
[WhiteElo "1981"]
[BlackElo "2246"]
[Annotator "TA"]
[EventDate "2018.08.09"]
[PlyCount "94"]
[EventType "tourn"]
[EventCountry "ESP"]

1. e4 g6 2. d4 Bg7 3. Nc3 c6 4. Bc4 d5 5. exd5 b5 6. Bd3 b4 7. Nce2 cxd5 8.
h3 Nf6 9. Nf3 O-O 10. a3 bxa3 11. Rxa3 Nc6 12. c3 Bb7 $146 13. O-O Ne4 14.
Bf4 Nd6 15. Qb3 Rb8 16. Qa2 $16 Ba8 17. Ne5 Bxe5 18. dxe5 Nc4 $1 19. Bxc4
dxc4 20. e6 Rb5 21. Bh6 $1 $18 Qd5 22. Nf4 $1 $36 Qe4 23. f3 $1 Qe3+ 24.
Kh1 Rc5 $2 25. Bxf8 $2 Kxf8 $16 26. Rxa7 $1 Nxa7 27. Qxa7 Bc6 28. Qb8+ Kg7
$14 29. exf7 Kxf7 30. Rd1 Rf5 $11 31. Rd8 $2 Qc1+ $19 32. Kh2 Qxf4+ 33.
Qxf4 Rxf4 34. Rb8 Bd5 35. Kg3 Rf6 36. Kf2 Rd6 37. Ke3 e5 38. Rc8 h5 39. g4
hxg4 40. hxg4 Rf6 41. Rc7+ Ke6 42. Rg7 Rxf3+ 43. Ke2 Kf6 44. Rd7 Rd3 45.
Rc7 Rg3 46. b4 cxb3 47. c4 b2 0-1

[Event "83rd ESP-ch Women-ch 2018"]
[Site "Linares"]
[Date "2018.08.27"]
[Round "8"]
[White "Ruiz Casado, Francisco Javier"]
[Black "Jimenez Bernal, Francisco"]
[Result "1/2-1/2"]
[WhiteElo "1975"]
[BlackElo "2250"]
[Annotator "TA"]
[EventDate "2018.08.09"]
[PlyCount "102"]
[EventType "tourn"]
[EventCountry "ESP"]

1. e4 c5 2. Nc3 a6 3. g3 b5 4. Bg2 Bb7 5. Nge2 e6 6. O-O d6 7. Re1 Nd7 8.
d4 cxd4 9. Nxd4 Qc7 10. a4 b4 $146 11. Nd5 exd5 $14 12. exd5+ Be7 13. Nf5
$1 Kd8 $2 14. Bf4 $18 Bf8 15. Qd2 Qc5 16. c3 b3 17. Qe2 Ngf6 18. Be3 $1 Qa5
19. c4 Nc5 20. Bd2 Qb6 21. a5 Qa7 22. Bg5 Kc7 23. Bxf6 gxf6 24. Qh5 $36 Bc8
$2 25. Qxf7+ Bd7 $2 26. Bh3 $2 Rd8 $2 27. Re3 $2 Nb7 $2 28. c5 $2 Nxc5 $2
29. Rae1 Qb8 $2 30. Nd4 Bh6 31. Nc6 $2 Qb5 32. Re7 Rhf8 33. Qxh7 Rh8 34.
Qf5 Bd2 35. R1e2 $2 Qxe2 $1 $17 36. Rxe2 Bxf5 37. Bxf5 Bh6 38. Re7+ $11 Nd7
$2 39. Nd4 $2 Bc1 40. Ne6+ Kc8 41. Nxd8 Rxd8 42. Re1 Bd2 43. Rd1 Bxa5 $17
44. Ra1 Bb6 45. Ra3 Kb7 46. Rxb3 Ne5 47. h4 Rg8 48. Kg2 a5 49. f4 Nc4 50.
Kh3 Ne3 51. Be6 Rh8 1/2-1/2

[Event "83rd ESP-ch Women-ch 2018"]
[Site "Linares"]
[Date "2018.08.27"]
[Round "8"]
[White "Rodriguez del Cerro, Ricardo"]
[Black "Alvarez Serrano, Carlos"]
[Result "1-0"]
[WhiteElo "1953"]
[BlackElo "2225"]
[Annotator "TA"]
[EventDate "2018.08.09"]
[PlyCount "97"]
[EventType "tourn"]
[EventCountry "ESP"]

1. c4 Nf6 2. Nc3 c5 3. Nf3 g6 4. g3 Bg7 5. Bg2 O-O 6. d4 cxd4 7. Nxd4 d6 8.
O-O Nc6 9. Nxc6 bxc6 10. Bxc6 Rb8 11. Bg2 Qa5 12. Nb5 a6 13. Bd2 Qb6 14.
Nc3 $1 Be6 $146 15. b3 $1 Qc5 16. Rc1 Qh5 17. h4 h6 18. Bf3 Bg4 19. Bxg4
Nxg4 20. Kg2 f5 $2 21. Nd5 $18 e5 22. f3 Nf6 23. Nxf6+ Bxf6 24. Rh1 e4 25.
Bf4 Rbd8 26. fxe4 fxe4 27. Qd5+ Qxd5 28. cxd5 g5 29. hxg5 hxg5 30. Be3 Rc8
31. Rxc8 Rxc8 32. Rc1 Rxc1 33. Bxc1 Kf7 $2 34. g4 Kg6 35. Kf2 Be5 $2 36. a4
Bd4+ 37. e3 Bc5 38. Bd2 Kf7 39. b4 Bb6 40. Bc3 Ke7 41. Bd4 Bd8 42. Ke2 Kd7
43. Kd2 Kc7 44. Kc3 Kb7 45. Kc4 Ka8 46. b5 Kb7 47. b6 $1 Bxb6 48. Bxb6 Kxb6
49. Kb4 1-0

[Event "83rd ESP-ch Women-ch 2018"]
[Site "Linares"]
[Date "2018.08.27"]
[Round "8"]
[White "Rodriguez Redondo, Adhara"]
[Black "Porta Tovar, Guillem"]
[Result "0-1"]
[WhiteElo "1909"]
[BlackElo "2166"]
[Annotator "TA"]
[EventDate "2018.08.09"]
[PlyCount "122"]
[EventType "tourn"]
[EventCountry "ESP"]

1. e4 c5 2. Nf3 d6 3. d4 cxd4 4. Nxd4 Nf6 5. Nc3 a6 6. Be2 e5 7. Nb3 Be7 8.
O-O Be6 9. Be3 Nbd7 10. a4 Rc8 11. a5 O-O 12. Qd2 Rc6 13. f3 Qc7 14. Bd1
$146 d5 $1 $15 15. exd5 Rd6 16. Qf2 Nxd5 17. Nxd5 Rxd5 18. f4 exf4 19. Bxf4
Qc4 $36 20. Qe2 Rc8 21. Qxc4 Rxc4 22. c3 Rb5 23. Nd2 $2 Bc5+ $19 24. Kh1
Rxf4 $1 25. Rxf4 Be3 26. Re4 Bxd2 27. Ba4 Rxb2 28. Bxd7 $17 Bxd7 29. Rd1
Bxc3 30. h3 Bxa5 31. Rxd7 $11 h6 32. Re8+ Kh7 33. Rxf7 Bc3 34. Rc7 Bf6 35.
Re6 Kg6 36. Rd7 Kf5 37. Re8 b6 38. Rd5+ Kg6 39. Re6 a5 $1 $17 40. Rd3 a4 $1
41. Ra3 b5 $19 42. Rb6 $2 Kf5 43. Rb7 Ke4 44. Kg1 Kd5 45. Kf1 Kc4 46. Rf3
Rb3 47. Rf4+ Kc3 48. Rf3+ Kb4 49. Rf5 Ka5 50. Ke1 a3 51. Kd1 Rb1+ 52. Kc2
Rb2+ 53. Kc1 Bg5+ 54. Kd1 a2 55. Ra7+ Kb6 56. Rff7 Rb1+ 57. Kc2 a1=Q 58.
Rxa1 Rxa1 59. Rxg7 Ra2+ 60. Kb3 Rxg2 61. Rg6+ Kc5 0-1

[Event "83rd ESP-ch Women-ch 2018"]
[Site "Linares"]
[Date "2018.08.27"]
[Round "8"]
[White "Ucles Lirola, Moises"]
[Black "Jimenez de la Torre, Jose Antonio"]
[Result "0-1"]
[WhiteElo "1858"]
[BlackElo "2076"]
[TimeControl "40/5400+30:1800+30"]
[Annotator "NA"]
[EventDate "2018.08.09"]
[PlyCount "126"]
[EventType "tourn"]
[EventCountry "ESP"]

1. d4 d5 2. Bf4 c5 3. e3 Nc6 4. Nf3 e6 5. c4 Nf6 6. Nc3 dxc4 7. Bxc4 cxd4
8. Nxd4 Nxd4 9. Qxd4 Qxd4 10. exd4 Bb4 11. a3 Ba5 12. b4 Bb6 13. Nb5 a6 14.
Nc7+ Bxc7 15. Bxc7 Bd7 16. Bd6 Rc8 17. Bd3 Bc6 18. O-O Kd7 19. Be5 Nd5 20.
f3 f6 21. Bg3 Bb5 22. Bxb5+ axb5 23. a4 bxa4 24. Rxa4 Rc4 25. Ra7 Rxb4 26.
Rc1 g5 27. h3 h6 28. Ra5 Rc8 29. Rxc8 Kxc8 30. Ra8+ Kd7 31. Rh8 Rxd4 32.
Rxh6 b5 33. h4 gxh4 34. Bxh4 b4 35. Rh7+ Kc6 36. Rh8 e5 37. Bf2 Rd1+ 38.
Kh2 Rf1 39. Bg1 b3 40. Rc8+ Nc7 41. Rb8 Rb1 42. Rb6+ Kd7 43. Rxf6 Nd5 44.
Rf7+ Kc6 45. Rf8 Rxg1 46. Kxg1 b2 47. Rc8+ Kb7 48. Rg8 b1=Q+ 49. Kf2 Qa2+
50. Kg3 Nf4 51. Rg7+ Kc6 52. Kh2 Qf2 53. Kh1 Kd6 54. Rg4 Ke6 55. Kh2 Kf5
56. Rg8 Ne2 57. Rf8+ Kg5 58. Rg8+ Kf4 59. Rg4+ Kf5 60. Kh3 Ng1+ 61. Kh2
Nxf3+ 62. Kh3 Ng1+ 63. Kh2 Kxg4 0-1

[Event "83rd ESP-ch Women-ch 2018"]
[Site "Linares"]
[Date "2018.08.28"]
[Round "9"]
[White "Santos Latasa, Jaime"]
[Black "Teran Alvarez, Ismael"]
[Result "1/2-1/2"]
[WhiteElo "2582"]
[BlackElo "2377"]
[Annotator "TA"]
[EventDate "2018.08.09"]
[PlyCount "60"]
[EventType "tourn"]
[EventCountry "ESP"]

1. d4 d6 2. Nf3 Nf6 3. c4 g6 4. g3 Bg7 5. Bg2 O-O 6. Nc3 c6 7. O-O Bf5 8.
Ne1 Be6 9. d5 cxd5 10. cxd5 Bd7 11. Nd3 Na6 12. e4 Ng4 $146 13. Bf4 Qb6 14.
h3 Ne5 15. Nxe5 Bxe5 16. Bxe5 dxe5 17. Qd2 Nc7 18. h4 Nb5 19. Nxb5 Bxb5 20.
Rfc1 Bd7 21. Rc3 Qd6 22. Rac1 Rac8 23. Qe3 b6 24. f4 f6 25. a3 Rxc3 26.
Rxc3 Rc8 27. Rxc8+ Bxc8 28. Qc3 Bd7 29. fxe5 Qxe5 30. Qxe5 fxe5 1/2-1/2

[Event "83rd ESP-ch Women-ch 2018"]
[Site "Linares"]
[Date "2018.08.28"]
[Round "9"]
[White "Santos Ruiz, Miguel"]
[Black "Vega Gutierrez, Sabrina Neide"]
[Result "1/2-1/2"]
[WhiteElo "2517"]
[BlackElo "2390"]
[Annotator "TA"]
[EventDate "2018.08.09"]
[PlyCount "60"]
[EventType "tourn"]
[EventCountry "ESP"]

1. d4 d5 2. Nf3 c6 3. c4 e6 4. Nbd2 f5 5. g3 Nf6 6. Bg2 Bd6 7. Ne5 O-O 8.
O-O b6 9. cxd5 cxd5 10. Ndc4 Be7 $146 11. Bf4 Bb7 12. Rc1 Ne4 13. Nd2 g5
14. Nxe4 dxe4 15. Be3 f4 16. Bd2 $36 Bd5 17. gxf4 gxf4 18. Qc2 f3 19. exf3
exf3 20. Bh3 Nd7 21. Nc6 $1 Qe8 22. Nxe7+ Qxe7 23. Kh1 Kh8 24. Rg1 Rg8 25.
Rg3 Qh4 26. Rcg1 Nf6 $1 27. Qc7 Rxg3 28. Rxg3 Rg8 29. a3 Rxg3 30. Qxg3 Qxd4
1/2-1/2

[Event "83rd ESP-ch Women-ch 2018"]
[Site "Linares"]
[Date "2018.08.28"]
[Round "9"]
[White "Asis Gargatagli, Hipolito"]
[Black "Del Rio de Angelis, Salvador Gabriel"]
[Result "1/2-1/2"]
[WhiteElo "2515"]
[BlackElo "2525"]
[Annotator "TA"]
[EventDate "2018.08.09"]
[PlyCount "45"]
[EventType "tourn"]
[EventCountry "ESP"]

1. e4 e6 2. d4 d5 3. Nc3 dxe4 4. Nxe4 Nd7 5. Nf3 Ngf6 6. Nxf6+ Nxf6 7. Bd3
c5 8. dxc5 Bxc5 9. O-O O-O 10. Qe2 b6 11. Bg5 Bb7 12. Rad1 Qc7 13. Bxf6
gxf6 14. Be4 Bxe4 15. Qxe4 Rfd8 16. c3 Rac8 17. g3 Rd7 18. Qg4+ Kh8 $146
19. Qh4 Kg7 20. Qg4+ Kh8 21. Qh4 Kg7 22. Qg4+ Kh8 23. Qh4 1/2-1/2

[Event "83rd ESP-ch Women-ch 2018"]
[Site "Linares"]
[Date "2018.08.28"]
[Round "9"]
[White "Huerga Leache, Mikel"]
[Black "Rodriguez Perez, Angel Mariano"]
[Result "1-0"]
[WhiteElo "2451"]
[BlackElo "2223"]
[Annotator "TA"]
[EventDate "2018.08.09"]
[PlyCount "77"]
[EventType "tourn"]
[EventCountry "ESP"]

1. d4 g6 2. Nf3 Bg7 3. g3 Nf6 4. Bg2 O-O 5. O-O c6 6. b3 d5 7. Bb2 Bf5 8.
c4 Qc8 9. Re1 Bh3 10. Bh1 Ne4 11. Nbd2 Qf5 $146 12. Nxe4 dxe4 13. Nh4 Qg4
14. e3 Qxd1 15. Rexd1 g5 16. Ng2 $1 Bg4 17. Rd2 Bf3 18. Ba3 Re8 19. Ne1 g4
20. Bg2 Na6 21. Nxf3 gxf3 22. Bh3 $36 e6 23. Rad1 Red8 24. d5 Bc3 25. Rc2
Bb4 26. Bb2 Be7 27. Rcd2 $16 cxd5 28. cxd5 exd5 29. Rxd5 Nb4 30. Rxd8+ Rxd8
31. Rxd8+ Bxd8 $18 32. Bc8 b6 33. a4 Nd3 34. Ba3 b5 35. axb5 Ba5 36. Bf5
Be1 37. Kf1 Bd2 $2 38. Bxe4 Nc1 39. Bd5 1-0

[Event "83rd ESP-ch Women-ch 2018"]
[Site "Linares"]
[Date "2018.08.28"]
[Round "9"]
[White "Garriga Cazorla, Pere"]
[Black "Kolotilina, Liudmila"]
[Result "1-0"]
[WhiteElo "2444"]
[BlackElo "2216"]
[Annotator "TA"]
[EventDate "2018.08.09"]
[PlyCount "69"]
[EventType "tourn"]
[EventCountry "ESP"]

1. d4 d5 2. c4 e6 3. Nf3 Nf6 4. g3 c6 5. Nbd2 Ne4 6. Bg2 f5 7. O-O Nd7 8.
Ne1 Bd6 9. Qc2 Qf6 10. Nb3 O-O 11. Nd3 Kh8 $146 12. f3 $16 Ng5 13. Ne5 dxc4
14. Nxc4 Bc7 15. e4 Qg6 16. e5 Nb6 17. Nxb6 axb6 18. Be3 Qh5 19. Kh1 Bd7
20. Nd2 Nh3 21. f4 $1 g5 22. fxg5 Nxg5 23. a3 Rg8 24. Rae1 Nf7 25. Bf4 Bd8
26. Nc4 Qg6 27. Qe2 Ra4 28. b3 Ra7 29. a4 Be7 30. Nxb6 $18 Bc8 $2 31. d5 $1
exd5 32. e6 Ng5 33. Qe5+ Bf6 34. Qb8 Bxe6 35. Qxa7 1-0

[Event "83rd ESP-ch Women-ch 2018"]
[Site "Linares"]
[Date "2018.08.28"]
[Round "9"]
[White "Cruz Lledo, Pablo"]
[Black "Sole Pijuan, Ferran"]
[Result "1-0"]
[WhiteElo "2432"]
[BlackElo "2320"]
[TimeControl "40/5400+30:1800+30"]
[Annotator "RC"]
[EventDate "2018.08.09"]
[PlyCount "63"]
[EventType "tourn"]
[EventCountry "ESP"]

1. d4 d5 2. c4 e6 3. e3 Nf6 4. Nf3 b6 5. cxd5 exd5 6. Bd3 Bd6 7. O-O O-O 8.
Nc3 Bb7 9. Ne5 Nbd7 10. f4 Ne4 11. Bd2 f6 12. Nxe4 Bxe5 13. Ng3 Bd6 14. Qh5
f5 15. Bxf5 Nf6 16. Qh3 Bc8 17. Rae1 Bxf5 18. Qxf5 Qc8 19. Qd3 Qd7 20. b4
Rae8 21. b5 Ne4 22. Nxe4 Rxe4 23. Qb3 Be7 24. Rc1 Bd8 25. Rf3 h5 26. a4 Re6
27. Qc2 h4 28. Be1 Qe8 29. Bf2 Qh5 30. Rh3 Rg6 31. Bxh4 Re8 32. Bg5 1-0

[Event "83rd ESP-ch Women-ch 2018"]
[Site "Linares"]
[Date "2018.08.28"]
[Round "9"]
[White "Ladron de Guevara Pinto, Paolo"]
[Black "Serarols Mabras, Bernat"]
[Result "1/2-1/2"]
[WhiteElo "2424"]
[BlackElo "2313"]
[Annotator "TA"]
[EventDate "2018.08.09"]
[PlyCount "97"]
[EventType "tourn"]
[EventCountry "ESP"]

1. e4 c6 2. Nc3 d5 3. Nf3 Bg4 4. h3 Bh5 5. exd5 cxd5 6. Bb5+ Nc6 7. g4 Bg6
8. Ne5 Rc8 9. d4 e6 10. Qe2 Bb4 11. h4 Ne7 12. h5 Be4 13. f3 O-O 14. Nxc6
Nxc6 15. Be3 Qf6 16. fxe4 Nxd4 17. Bxd4 Qxd4 18. Rd1 Bxc3+ 19. bxc3 Qxc3+
20. Kf1 dxe4 21. Qxe4 Qxc2 22. Qxc2 Rxc2 23. a4 $146 Ra2 24. Rh3 a6 25. Be2
Rxa4 26. Rc3 h6 27. Rc7 g6 28. Rxb7 gxh5 29. gxh5 Rf4+ 30. Ke1 Rf5 31. Rdd7
a5 32. Ra7 Kg7 33. Kd2 Kg8 34. Bg4 Re5 35. Bf3 Kg7 36. Kd3 Kf6 37. Kd4 Rf5
38. Ke3 Re5+ 39. Kf2 Rf5 40. Rdb7 Rg5 41. Rc7 Rf5 42. Kg3 Rg8+ 43. Kf2 Rf8
44. Rab7 Rg5 45. Rc4 Rf5 46. Kg3 Rg8+ 47. Kf2 Rf8 48. Ra7 Rd8 49. Rcc7
1/2-1/2

[Event "83rd ESP-ch Women-ch 2018"]
[Site "Linares"]
[Date "2018.08.28"]
[Round "9"]
[White "Tejedor Fuente, Enrique"]
[Black "Aroshidze, Levan"]
[Result "1/2-1/2"]
[WhiteElo "2408"]
[BlackElo "2504"]
[Annotator "TA"]
[EventDate "2018.08.09"]
[PlyCount "96"]
[EventType "tourn"]
[EventCountry "ESP"]

1. e4 c5 2. Nf3 e6 3. d4 cxd4 4. Nxd4 a6 5. Bd3 Nf6 6. O-O d6 7. c4 Be7 8.
Nc3 O-O 9. Qe2 Nbd7 10. b3 Qc7 11. Bb2 b6 12. Rae1 Bb7 13. Kh1 Rfe8 14. f4
Rad8 15. Nf3 Nh5 16. Nd4 Nhf6 17. Nf3 Nh5 18. Nd4 Nhf6 19. Bb1 g6 20. Nf3
Nh5 $146 21. f5 Bf6 22. g4 Ng7 23. Qd2 exf5 24. gxf5 Nh5 25. Nd5 Bxd5 $1
$11 26. exd5 Bxb2 27. Qxb2 Ndf6 28. fxg6 hxg6 29. Qg2 Rxe1 30. Rxe1 Re8 31.
Rxe8+ Nxe8 32. Bxg6 fxg6 33. Qxg6+ Neg7 34. Ng5 Qd7 $1 35. Qh7+ Kf8 36.
Ne6+ Kf7 $1 37. Ng5+ Kf6 38. Qh6+ Ke7 39. Ne4 Qf5 40. Qxd6+ Kf7 41. Qe6+ $1
Qxe6 42. dxe6+ Kxe6 43. c5 b5 44. c6 $1 Ne8 45. Nc5+ $1 Kd6 46. Nxa6 Kxc6
47. a4 Kb6 48. Nb4 bxa4 1/2-1/2

[Event "83rd ESP-ch Women-ch 2018"]
[Site "Linares"]
[Date "2018.08.28"]
[Round "9"]
[White "Suarez Uriel, Adrian"]
[Black "Perez Candelario, Manuel"]
[Result "0-1"]
[WhiteElo "2391"]
[BlackElo "2611"]
[Annotator "TA"]
[EventDate "2018.08.09"]
[PlyCount "48"]
[EventType "tourn"]
[EventCountry "ESP"]

1. Nf3 d5 2. b3 Nf6 3. Bb2 g6 4. c4 Bg7 5. e3 O-O 6. Be2 c5 7. Qc1 $146 Nc6
8. cxd5 Qxd5 9. Nc3 Qd7 10. O-O b6 11. Rd1 Bb7 12. d4 cxd4 13. exd4 Nb4 14.
Ne5 Qd8 15. Ba3 a5 16. Qd2 Rc8 17. Rac1 Rxc3 $1 18. Qxc3 Nxa2 19. Qc7 $1
Nxc1 20. Rxc1 Qxd4 $40 21. Rd1 Nd5 $1 $17 22. Qxb7 Qxe5 23. Bc4 $2 Nc3 $19
24. Rc1 $2 b5 0-1

[Event "83rd ESP-ch Women-ch 2018"]
[Site "Linares"]
[Date "2018.08.28"]
[Round "9"]
[White "Matnadze, Ana"]
[Black "Arizmendi Martinez, Julen Luis"]
[Result "1/2-1/2"]
[WhiteElo "2378"]
[BlackElo "2507"]
[Annotator "TA"]
[EventDate "2018.08.09"]
[PlyCount "49"]
[EventType "tourn"]
[EventCountry "ESP"]

1. Nf3 d5 2. g3 c5 3. Bg2 Nc6 4. c4 d4 5. e3 e5 6. exd4 exd4 7. O-O Nf6 8.
a3 Be7 9. b4 $146 cxb4 10. axb4 Nxb4 11. Bb2 Nc6 12. d3 O-O 13. Nbd2 Nd7
14. Nxd4 Nxd4 15. Bxd4 Nc5 16. Bd5 Bh3 17. Re1 Nxd3 18. Rxe7 $1 Qxe7 19.
Qh5 Qd7 20. Bxg7 $1 Kxg7 21. Qg5+ Kh8 22. Qf6+ Kg8 23. Qg5+ Kh8 24. Qf6+
Kg8 25. Qg5+ 1/2-1/2

[Event "83rd ESP-ch Women-ch 2018"]
[Site "Linares"]
[Date "2018.08.28"]
[Round "9"]
[White "Bernabeu Lopez, Carlos Javier"]
[Black "Roldan Marques, Daniel"]
[Result "1/2-1/2"]
[WhiteElo "2360"]
[BlackElo "2161"]
[TimeControl "40/5400+30:1800+30"]
[Annotator "NA RC"]
[EventDate "2018.08.09"]
[PlyCount "101"]
[EventType "tourn"]
[EventCountry "ESP"]

1. e4 e6 2. d4 d5 3. Nc3 Nf6 4. e5 Nfd7 5. f4 c5 6. Nf3 Nc6 7. Be3 cxd4 8.
Nxd4 Bc5 9. Qd2 a6 10. O-O-O Nxd4 11. Bxd4 b5 12. h4 b4 13. Ne4 Be7 $146
14. Nd6+ Bxd6 15. exd6 Qa5 16. a3 Rb8 17. Bxg7 Rg8 18. Bd4 Nc5 19. Qe1 Ne4
20. Bd3 f5 21. Bxe4 dxe4 22. Qe2 Rg4 23. Rh3 Qb5 24. Qd2 a5 25. Rb3 Bd7 26.
g3 Kf7 27. axb4 axb4 28. Re3 Qa5 29. b3 Bc6 30. Bb2 Qc5 31. Qd4 Qxd4 32.
Rxd4 Bd5 33. Kb1 Rb5 34. c4 bxc3 35. Rxc3 Rg8 $1 36. Kc2 Rb7 37. Ba3 Rgb8
38. Rc7+ Ke8 39. Rxb7 Rxb7 40. Bb4 h5 41. Kc3 Rg7 42. Rd2 Rxg3+ 43. Kd4
Rxb3 44. Bc5 Rd3+ 45. Rxd3 exd3 46. Kxd3 Kd7 47. Kd4 Bf3 48. Bb4 $11 Bd5
49. Bc5 Bf3 50. Bb4 Bd5 51. Bc5 1/2-1/2

[Event "83rd ESP-ch Women-ch 2018"]
[Site "Linares"]
[Date "2018.08.28"]
[Round "9"]
[White "Sanchez Aller, Fernando"]
[Black "Sanchez Jerez, Emilio Miguel"]
[Result "1-0"]
[WhiteElo "2345"]
[BlackElo "2246"]
[TimeControl "40/5400+30:1800+30"]
[Annotator "NA RC"]
[EventDate "2018.08.09"]
[PlyCount "70"]
[EventType "tourn"]
[EventCountry "ESP"]

1. e4 d6 2. d4 e5 3. dxe5 dxe5 4. Qxd8+ Kxd8 5. Bc4 f6 6. Nc3 c6 7. Be3 Kc7
8. Nge2 b5 9. Bb3 Nd7 $146 10. Be6 Ne7 11. a4 b4 12. Na2 Nb6 13. Bxc8 Nexc8
14. b3 a5 15. Nac1 Nd6 16. f3 Nb7 17. Nd3 Nd7 18. Nec1 h5 19. Ke2 g6 20.
Rd1 Nbc5 21. Nxc5 Nxc5 22. Nd3 Nxd3 23. Rxd3 Be7 24. Rad1 Rhd8 25. Rxd8
Rxd8 26. Rxd8 Bxd8 27. Kd3 Kd7 28. Kc4 f5 29. Bd2 fxe4 30. fxe4 Bc7 31. Kc5
Bd6+ 32. Kb6 Bc7+ 33. Ka6 Kd6 34. Be3 $18 Bd8 35. Bb6 Bg5 1-0

[Event "83rd ESP-ch Women-ch 2018"]
[Site "Linares"]
[Date "2018.08.28"]
[Round "9"]
[White "Alshameary Puente, Ismael"]
[Black "Vergara Anton, Diego"]
[Result "1-0"]
[WhiteElo "2343"]
[BlackElo "2022"]
[TimeControl "40/5400+30:1800+30"]
[Annotator "NA RC"]
[EventDate "2018.08.09"]
[PlyCount "133"]
[EventType "tourn"]
[EventCountry "ESP"]

1. d4 d5 2. c4 e6 3. Nc3 Nf6 4. cxd5 exd5 5. Bg5 Be7 6. e3 O-O 7. Bd3 c6 8.
Qc2 Nbd7 9. Nf3 Re8 10. O-O Nf8 11. h3 Ne4 12. Bf4 f5 13. Ne5 Ng6 14. Nxg6
hxg6 15. Ne2 Be6 $146 16. f3 Nf6 17. g4 Qd7 18. Ng3 Bd6 19. Be5 Bf7 20. g5
Nh7 21. f4 Bxe5 22. dxe5 Nf8 23. h4 Qc7 24. h5 Qb6 25. Rae1 gxh5 26. Nxf5
Rad8 27. Rf2 c5 28. b3 Bg6 29. Nd6 Rxd6 30. exd6 Bxd3 31. Qxd3 Qxd6 32. Rd1
Rd8 33. e4 Qe6 $2 34. f5 Qe5 35. exd5 Nh7 36. Rg2 Qf4 37. Rf1 Qh4 38. Qc4
Qd4+ 39. Qxd4 cxd4 40. f6 Rxd5 41. f7+ Kf8 42. g6 Ng5 43. Rc1 Ne6 44. Re2
Rg5+ 45. Rg2 Rxg2+ 46. Kxg2 Nf4+ 47. Kf3 Nxg6 48. Rc7 Ne5+ 49. Kf4 Nxf7 50.
Rd7 Ke8 51. Rxb7 g5+ 52. Kg3 d3 53. Rb5 $1 Ke7 54. Rd5 Ke6 55. Rxd3 h4+ 56.
Kh3 Nd6 57. Kg4 Ne4 58. Rd4 Ke5 59. Ra4 Nf2+ 60. Kxg5 h3 61. Rh4 a5 62. a3
Kd5 63. Kf4 Kc5 64. Ke3 Nd1+ 65. Kd2 Nf2 66. Ke2 h2 67. Kxf2 1-0

[Event "83rd ESP-ch Women-ch 2018"]
[Site "Linares"]
[Date "2018.08.28"]
[Round "9"]
[White "Lianes Garcia, Marcos"]
[Black "Orantes Taboada, Francisco"]
[Result "*"]
[WhiteElo "2340"]
[BlackElo "2242"]
[Annotator "TA"]
[EventDate "2018.08.09"]
[PlyCount "26"]
[EventType "tourn"]
[EventCountry "ESP"]

1. e4 b6 2. d4 Bb7 3. Bd3 e6 4. c4 Nc6 $146 5. Ne2 Nb4 6. Nbc3 Nxd3+ 7.
Qxd3 Ne7 8. O-O d6 9. Be3 Qd7 10. d5 Ng6 11. f4 Be7 12. Bd4 e5 13. fxe5
dxe5 *

[Event "83rd ESP-ch Women-ch 2018"]
[Site "Linares"]
[Date "2018.08.28"]
[Round "9"]
[White "Lianes Garcia, Marcos"]
[Black "Orantes Taboada, Francisco"]
[Result "1-0"]
[WhiteElo "2340"]
[BlackElo "2242"]
[TimeControl "40/5400+30:1800+30"]
[Annotator "RC"]
[EventDate "2018.08.09"]
[PlyCount "45"]
[EventType "tourn"]
[EventCountry "ESP"]

1. e4 b6 2. d4 Bb7 3. Bd3 e6 4. c4 Nf6 5. Nc3 Bb4 6. Qc2 Nc6 7. Nf3 d5 8.
cxd5 exd5 9. e5 Ne4 10. O-O Nxc3 11. bxc3 Be7 12. Re1 Bc8 13. Bxh7 Bg4 14.
Bf5 Bxf5 15. Qxf5 Rf8 16. e6 fxe6 17. Qg6+ Rf7 18. Rxe6 Kf8 19. Rxc6 Bd6
20. Ng5 Re7 21. Nh7+ Kg8 22. Bg5 Qd7 23. Nf6+ 1-0

[Event "83rd ESP-ch Women-ch 2018"]
[Site "Linares"]
[Date "2018.08.28"]
[Round "9"]
[White "Domingo Nunez, Ruben"]
[Black "Moreno Ruiz, Javier"]
[Result "1/2-1/2"]
[WhiteElo "2318"]
[BlackElo "2450"]
[Annotator "TA"]
[EventDate "2018.08.09"]
[PlyCount "79"]
[EventType "tourn"]
[EventCountry "ESP"]

1. e4 e6 2. d4 d5 3. Nc3 Bb4 4. exd5 exd5 5. Bd3 Nf6 6. a3 Bxc3+ 7. bxc3
O-O 8. Ne2 c5 9. dxc5 Nbd7 10. Be3 Qa5 $146 11. O-O Nxc5 12. Bd4 Nfe4 13.
Re1 Bf5 14. Nf4 Rad8 15. f3 $36 Nd6 16. Re5 Bxd3 17. cxd3 Ne6 $2 18. Nxd5
$18 Kh8 19. Nf4 $1 Qa6 20. Nxe6 fxe6 21. Rxe6 b6 22. Bf2 Qc8 23. Qe1 Nb5
24. a4 Rfe8 $16 25. Rxe8+ Rxe8 26. axb5 Rxe1+ $14 27. Rxe1 $16 Kg8 28. c4
Qf5 29. Re4 Qf8 30. h3 Qa3 31. Re3 Qc1+ 32. Kh2 Qd2 $11 33. Bg1 Qc2 34. Kh1
Kf7 35. Kh2 h5 36. h4 g6 37. Kg3 Kf6 38. Kh2 Kf7 39. Kg3 Kf6 40. Kh2
1/2-1/2